000 00409nam a2200169Ia 4500
008 220204s9999 xx 000 0 und d
082 _a577.15
_bROY
100 _aROYER, G P
245 0 _aFundamentals of enzymology
260 _aNew York
_bJohn Wiley
_c1982
650 _aEnzyme
650 _aEnzyme kinetics
650 _aEnzymology
650 _aImmobilized enzyme
650 _aSynzyme
942 _cBK
999 _c37148
_d37148